| 000 | 00515nam a2200193Ia 4500 | ||
|---|---|---|---|
| 003 | IN-BaIIA | ||
| 008 | 211028s9999 xx 000 0 eng d | ||
| 020 | _a0-521-30038-X | ||
| 040 | _cIIA Library | ||
| 080 |
_a524.352 _bSUP |
||
| 100 |
_aMurdin, Paul _911053 |
||
| 245 | 0 |
_aSupernovae _c Paul Murdin and Lesley Murdin |
|
| 260 |
_aCambridge _bCambridge University Press _c1985 |
||
| 300 | _aix, 185p. | ||
| 650 |
_aAstronomy _980 |
||
| 650 |
_aSupernovae _91357 |
||
| 700 |
_aMurdin, Lesley _914482 |
||
| 942 | _cBK | ||
| 999 |
_c8957 _d8957 |
||